Los años de madurez (Registro nro. 48997)

Detalles MARC
000 -CABECERA
Longitud fija campo de control 00595nam a2200205Ii 4500
003 - IDENTIFICADOR DEL NUMERO DE CONTROL
Identificador del número de control CO-ViMGA
008 - CODIGOS DE INFORMACION DE LONGITUD FIJA
Códigos de información de longitud fija 241108s9999||||xx |||||||||||||| ||und||
020 ## - NUMERO INTERNACIONAL NORMALIZADO PARA LIBROS
Número Internacional Normalizado para Libros (ISBN) 9789588257846
040 ## - FUENTE DE LA CATALOGACION
Centro catalogador de origen CO-ViMGA
Lengua de catalogación spa
Normas de descripción rda
Centro transcriptor CO-ViMGA
041 0# - CODIGO DE LENGUA
Código de lengua del texto/banda sonora o título independiente spa
082 04 - NUMERO DE LA CLASIFICACION DECIMAL DEWEY
Número de clasificación (R) 808.831 V25
245 10 - TITULO PROPIAMENTE DICHO
Título Los años de madurez
264 #1 - PRODUCCION, PUBLICACION , DISTRIBUCION, FABRICACION Y COPYRIGHT
Lugar de producción, publicación, distribución, fabricación Bogotá, Colombia : Instituto Distrital de Cultura y Turismo, 2012
300 ## - DESCRIPCION FISICA
Extensión volumen
336 ## - TIPO DE CONTENIDO
Término de tipo de contenido text
Código de tipo de contenido txt
Fuente rdacontent
337 ## - TIPO DE MEDIO
Nombre del tipo de medio unmediated
Código del tipo de medio n
Fuente rdamedia
338 ## - TIPO DE SOPORTE
Nombre del tipo de soporte volume
Código del tipo de soporte nc
Fuente rdacarrier
940 ## -
T&íacute;tulo uniforme <a href="idficha_siabuc: 16242. -- ficha_no_siabuc:16573">idficha_siabuc: 16242. -- ficha_no_siabuc:16573</a>
Existencias
Perdido Estado Físico No para pr&eacute;stamo Forma de adquisición Localizaci&oacute;n permanente Localizaci&oacute;n actual Localización en estanterías Fecha adquisici&oacute;n Serie de enumeraci&oacute;n &#47; cronolog&&iacute;acute;a Signatura completa C&oacute;digo de barras Fecha &uacute;ltima consulta N&uacute;mero de copia Fecha del precio de reemplazo Tipo de item de Koha Note p&uacute;blica
      Colección Instituto Nacional para Ciegos Biblioteca Pública Departamental Eduardo Carranza - Villavicencio Biblioteca Pública Departamental Eduardo Carranza - Villavicencio Colecciones para condiciones de discapacidad 12/27/2012 Vol.3 808.831 V25 ECA21790 11/26/2024 Ej.1 11/26/2024 LIbro 16242 | 21002
      Colección Instituto Nacional para Ciegos Biblioteca Pública Departamental Eduardo Carranza - Villavicencio Biblioteca Pública Departamental Eduardo Carranza - Villavicencio Colecciones para condiciones de discapacidad 12/27/2012 Vol.1 808.831 V25 ECA21788 11/26/2024 Ej.1 11/26/2024 LIbro 16242 | 21000
      Colección Instituto Nacional para Ciegos Biblioteca Pública Departamental Eduardo Carranza - Villavicencio Biblioteca Pública Departamental Eduardo Carranza - Villavicencio Colecciones para condiciones de discapacidad 12/27/2012 Vol.2 808.831 V25 ECA21789 11/26/2024 Ej.1 11/26/2024 LIbro 16242 | 21001









Instituto Departamental de Cultura del Meta - Red Departamental de Bibliotecas Públicas del Meta.